01055 2200277 4500001002100000005001500021035002000036007000300056008004100059020001800100082001000118084001600128100003600144245019300180250001400373300003800387700002700425520015800452600003100610264003000641336002100671337003000692338002300722990001600745990001600761INLIS00000000000004520260410030605 a0010-0426000044ta260410 g 0 ind  a9789792925067 a005.5 a005.5 TER f0 aTerra Ch. TriwahyuniePengarang1 aFrom Zero to a Pro Mahir Mengolah Data dengan Excel 2010 /cTerra Ch. Tri wahyuni & Abdul Kadir ; Editor , Maria Agustina ; Setting , Sri Mulanto ; Desain Cover , Bowo ; Korektor , Erang aCetakan 1 a284 :bIlustrasi ;c16 cm x 23 cm0 aAbdul KadirePengarang aPanduan komprehensif untuk mempelajari Excel dari dasar hingga tingkat lanjut. Buku ini mencakup teknik pengolahan data, rumus, grafik, dan tips praktis. 4aKomputer - Perangkat Lunak aYogyakarta :bANDI,c2012 2rdacontentaTeks 2rdamediaaTanpa perantara 2rdacarrieraVolume aPP000069/19 aPP000670/10